000 01075nas a2200301 4500
001 BR2012007986
003 BR-BrBNA
005 20231205121422.0
007 ta
008 230509b bl.|||p| |||| 00| 00por d
040 _aBR-BrBNA
_bpor
_cBiblioteca Nacional de Agricultura
041 _a(Pt)
072 _aL53
100 1 _aChelini, M.O.M.
100 1 _aOliveira, C.A. de
100 1 _aOtta, E.
245 1 _aValidação de um radioimunoensaio para a quantificação de metabólitos fecais de testosterona em hamster sírio (Mesocricetus auratus)
246 1 _aValidation of a radioimmunoassay for the quantification of fecal testosterone metabolites in the Syrian hamster (Mesocricetus auratus)
650 _aHAMSTER
650 _aANIMAL DE LABORATÓRIO
650 _aHORMÔNIO
650 _aTESTOSTERONA
650 _aFEZES
650 _aEXAME DE LABORATÓRIO
773 0 _tPesquisa Veterinária Brasileira (Brazil)
_xISSN 0100-736X
_g(May 2011), v. 31(5) p. 459-463
_wBR2012007986
909 _a202311
_bLúcia
_c55
_dLúcia Elande
942 _2AGRIS
_n0
_cANA
999 _c223472
_d223472